Statistics for Name these Irish People

Click here to take the quiz!

General Stats

  • This quiz has been taken 107 times
  • The average score is 8 of 16

Answer Stats

Answer% Correct
Bono
90%
Oscar Wilde
89%
Sinead O'Connor
88%
Saint Patrick
84%
Liam Neeson
79%
Graham Norton
58%
Conor McGregor
54%
Saoirse Ronan
47%
James Joyce
38%
Phil Lynott
33%
Dolores O'Riordan
32%
Ernest Shackleton
30%
Michael D. Higgins
21%
Leo Varadkar
20%
Bram Stoker
11%
Becky Lynch
10%

Score Distribution

Percentile by Number Answered

Percent of People with Each Score

Your Score History

You have not taken this quiz